000
00341nam a2200133Ia 4500
008
231017s9999 xx 000 0 und d
082
_a
624.1772
082
_b
NEW
245
0
_a
Concrete Crack and Partial Depth Spall Repair Field Manual
245
0
_c
Dr. J. Kent Newman
260
_b
Dr. J. Kent Newman
300
_c
30cm
942
_c
REP
999
_c
603881
_d
603881